00670 a2200181 45000010006000000050017000060080041000230030015000640400040000790800065001192450074001840200022002582640043002803000019003235050113003420410008004551000025004636089020260407155859.0260407a1987 arg spa dAR-UNSa-BCEJYS aAR-UNSa-BCEJYSbspacAR-UNSa-BCEJYS a351.941xControl por tribunales civiles. Defensor del pueblo10aEl ombudsmanpDefensor del pueblo y de las instituciones republicanas a978-950-537-127-3 1aBuenos Aires :bEdiciones Macchic1987 a447 p.c22 cm. aTítulo Primero: El Ombudsman: defensor del pueblo y de las instituciones republicanas - Título Segundo:  aspa1 aMaiorano, Jorge Luis